Medical record technician / (Record no. 44)

MARC details
000 -LEADER
fixed length control field 01149pam a2200313 a 4500
005 - DATE AND TIME OF LATEST TRANSACTION
control field 20260322212004.0
008 - FIXED-LENGTH DATA ELEMENTS--GENERAL INFORMATION
fixed length control field data
010 ## - LIBRARY OF CONGRESS CONTROL NUMBER
LC control number 98020891
020 ## - INTERNATIONAL STANDARD BOOK NUMBER
International Standard Book Number 0736800352 (lib. bdg.)
020 ## - INTERNATIONAL STANDARD BOOK NUMBER
International Standard Book Number 9780736800358 (lib. bdg.)
040 ## - CATALOGING SOURCE
Original cataloging agency DLC
Transcribing agency DLC
Modifying agency DLC
042 ## - AUTHENTICATION CODE
Authentication code lcac
050 00 - LIBRARY OF CONGRESS CALL NUMBER
Classification number RA976
Item number .G67 1999
082 00 - DEWEY DECIMAL CLASSIFICATION NUMBER
Classification number 651.5/04261/023
Edition information 21
092 ## - LOCALLY ASSIGNED DEWEY CALL NUMBER (OCLC)
Classification number 651.5 Gol 1999
001 - CONTROL NUMBER
control field data
100 1# - MAIN ENTRY--PERSONAL NAME
Personal name Goldberg, Jan.
245 10 - TITLE STATEMENT
Title Medical record technician /
Statement of responsibility, etc. Jan Goldberg.
260 ## - PUBLICATION, DISTRIBUTION, ETC.
Place of publication, distribution, etc. Mankato, Minn. :
Name of publisher, distributor, etc. Capstone High/Low Books,
Date of publication, distribution, etc. c1999.
300 ## - PHYSICAL DESCRIPTION
Extent 48 p. :
Other physical details col. ill. ;
Dimensions 23 cm.
490 1# - SERIES STATEMENT
Series statement Careers without college
504 ## - BIBLIOGRAPHY, ETC. NOTE
Bibliography, etc. note Includes bibliographical references (p. 45) and index.
520 ## - SUMMARY, ETC.
Summary, etc. Outlines the educational requirements, duties, salary, employment outlook, and possible future positions for medical records technicians.
650 #0 - SUBJECT ADDED ENTRY--TOPICAL TERM
Topical term or geographic name entry element Medical records
General subdivision Juvenile literature.
-- Vocational guidance
-- Juvenile literature.
650 #1 - SUBJECT ADDED ENTRY--TOPICAL TERM
Topical term or geographic name entry element Medical records
General subdivision Vocational guidance.
-- Vocational guidance.
650 #1 - SUBJECT ADDED ENTRY--TOPICAL TERM
Topical term or geographic name entry element Medical record personnel.
650 #1 - SUBJECT ADDED ENTRY--TOPICAL TERM
Topical term or geographic name entry element Vocational guidance.
830 #0 - SERIES ADDED ENTRY--UNIFORM TITLE
Uniform title Careers without college (Mankato, Minn.)
Holdings
Withdrawn status Lost status Damaged status Not for loan Home library Current library Shelving location Date acquired Total checkouts Full call number Barcode Date last seen Price effective from Koha item type
        Riverside Riverside General stacks 22/03/2026   651.5/04261/023 21 BC0010044 22/03/2026 22/03/2026 Books